000 00363nam a2200157Ia 4500
008 230917s9999||||xx |||||||||||||| ||und||
040 _e80113
_aMAIN
041 _aEnglish
082 _a342 S82A
100 _aSathe, S P
245 0 _aAdministrative law
250 _a3rd ed.
260 _aBombay
_bN M Tripathi
_c1979
300 _axxv, 372 p.
942 _cBK
999 _c202172
_d202172